| 000 -LEADER |
| fixed length control field |
01938nam a2200229Ia 4500 |
| 008 - FIXED-LENGTH DATA ELEMENTS--GENERAL INFORMATION |
| fixed length control field |
200103s 2015 ||||xx |||||||||||||| ||und|| |
| 020 ## - INTERNATIONAL STANDARD BOOK NUMBER |
| International Standard Book Number |
9788131808047 |
| 082 ## - DEWEY DECIMAL CLASSIFICATION NUMBER |
| Classification number |
621.402 |
| Item number |
RAJ |
| 100 ## - MAIN ENTRY--PERSONAL NAME |
| Personal name |
Rajput, R. K. |
| 245 #0 - TITLE STATEMENT |
| Title |
Thermal engineering: SI units, including: thermodynamics, heat engines and non-conventional power generation |
| 250 ## - EDITION STATEMENT |
| Edition statement |
10th |
| 260 ## - PUBLICATION, DISTRIBUTION, ETC. (IMPRINT) |
| Name of publisher, distributor, etc |
Laxmi Publications (P) Ltd. |
| Date of publication, distribution, etc |
2015 |
| Place of publication, distribution, etc |
Mumbai |
| 300 ## - PHYSICAL DESCRIPTION |
| Extent |
v, 972 p.: col. ill. |
| 504 ## - BIBLIOGRAPHY, ETC. NOTE |
| Bibliography, etc |
Table of Contents<br/><br/>Introduction to SI units and conversion factors<br/>Kinetic theory of gases and basic concepts of thermodynamics<br/>Properties of pure substances<br/>First law of thermodynamics<br/>Second law of thermodynamics and entropy<br/>Availability and irreversibility<br/>Thermodynamic relations<br/>Ideal and real cases<br/>Gases and vapour mixtures<br/>Psychrometrics<br/>Fuels and combustion (Including chemical thermodynamics)<br/>Steam generators<br/>Boiler mountings and accessories<br/>Drought<br/>Performance of steam generators<br/>Basic steam power cycles<br/>Reciprocating steam engine<br/>Compound steam engines<br/>Steam nozzles<br/>Steam turbines<br/>Steam condensers<br/>Gas power cycles<br/>variable specific heats<br/>Internal combustion engines<br/>Air compressors<br/>Gas turbines and jet propulsion<br/>Refrigeration<br/>Air-conditioning<br/>Heat transfer<br/>Non-conventional power generation<br/>'Gate' and 'UPSC' examinations' questions (Latest-selected) with answers/solutions<br/>Index --<br/>Steam tables and mollier diagram |
| 520 ## - SUMMARY, ETC. |
| Summary, etc |
This book on Thermal Engineering (printed in two colours has been written for the students preparing the subject for B.E. examinations of various Indian Universities, A.M.I.E. and competitive examinations (e.g., U.P.S.C., GATE etc.). The Book contains 29 chapters in all, and deals the subject matter exhaustively. |
| 650 ## - SUBJECT ADDED ENTRY--TOPICAL TERM |
| Topical term or geographic name as entry element |
Thermodynamics |
| 650 ## - SUBJECT ADDED ENTRY--TOPICAL TERM |
| Topical term or geographic name as entry element |
Heat engineering |
| 650 ## - SUBJECT ADDED ENTRY--TOPICAL TERM |
| Topical term or geographic name as entry element |
Power-plants |
| 650 ## - SUBJECT ADDED ENTRY--TOPICAL TERM |
| Topical term or geographic name as entry element |
Steam engineering |
| 650 ## - SUBJECT ADDED ENTRY--TOPICAL TERM |
| Topical term or geographic name as entry element |
Heat-engines |
| 942 ## - ADDED ENTRY ELEMENTS (KOHA) |
| Item type |
Books |